| 000 | 01652cam a2200241 4500 | ||
|---|---|---|---|
| 001 | ABS68506 | ||
| 008 | 041222n2004 000 0 eng u | ||
| 035 | _a(Sirsi) u128396 | ||
| 100 | _aRichards, A. | ||
| 245 | _aElectric shock | ||
| 260 | _c2004 | ||
| 490 |
_aFire Engineers' Journal _v64(251) December 2004, 34-35(2) |
||
| 520 | _aExplains how contractors will need to register as competent persons to undertake electrical work under the Building Regulations 2000 Approved Document P (2005 edition). Points out that from 1 January 2005, electrical installations operating at low or extra-low voltage in dwellings will be covered by Part P in England and Wales. Suggests a householder can inform the local building control office of their intention to carry out electrical installation works and submit building notices in advance of the works. Building control will then inspect the work when it is completed. Alternatively, they can employ an electrical contractor, who is registered as a competent person to Part P. Registration must be with an ODPM approved certification body. Information about self-certification can be found at www.partp.co.uk. Copies of Part P can be downloaded from www.odpm.gov.uk. Further information is available from the Institution of Electrical Engineers at www.iee.org. | ||
| 590 | _aABS | ||
| 590 | _aABS | ||
| 650 | _aBUILDING REGULATIONS 2000 APPROVED DOCUMENT P (2005 EDITION) | ||
| 650 |
_aBUILDING CONTROL _96222 |
||
| 650 | _aELECTRICAL WORKS | ||
| 650 | _aCERTIFICATION SCHEMES | ||
| 650 | _aBUILDING CONTRACTORS | ||
| 690 | _aBUILDING AND CONSTRUCTION-REGULATION AND CONTROL | ||
| 942 | _n0 | ||
| 999 |
_c118471 _d118471 |
||